Fundamentals of learning / (Record no. 60581)
[ view plain ]
| 000 -LEADER | |
|---|---|
| fixed length control field | 00819nam a2200289 a 4500 |
| 001 - CONTROL NUMBER | |
| control field | 60581 |
| 003 - CONTROL NUMBER IDENTIFIER | |
| rucl marc code | BD-RjUL |
| 005 - DATE AND TIME OF LATEST TRANSACTION | |
| control field | 20211209080847.0 |
| 008 - FIXED-LENGTH DATA ELEMENTS--GENERAL INFORMATION | |
| fixed length control field | 170101s1976 enka b 001 0 eng |
| 020 ## - INTERNATIONAL STANDARD BOOK NUMBER | |
| International Standard Book Number | 0123568501 |
| 035 ## - SYSTEM CONTROL NUMBER | |
| System control number | (BD-RjUL)60705 |
| 040 ## - CATALOGING SOURCE | |
| Original cataloging agency | DLC |
| Transcribing agency | DLC |
| Modifying agency | BD-RjUL |
| Language of cataloging | eng |
| 041 ## - LANGUAGE CODE | |
| Language code of text/sound track or separate title | eng |
| 060 ## - NATIONAL LIBRARY OF MEDICINE CALL NUMBER | |
| Classification number | LB1051 H843f |
| 082 00 - DEWEY DECIMAL CLASSIFICATION NUMBER | |
| Classification number | 153.15 |
| Edition number | 23 |
| Author mark and year | HOF 1976 |
| 100 1# - MAIN ENTRY--PERSONAL NAME | |
| Personal name | Houston, John P. |
| 9 (RLIN) | 180436 |
| 245 10 - TITLE STATEMENT | |
| Title | Fundamentals of learning / |
| Statement of responsibility, etc. | John P. Houston. |
| 260 ## - PUBLICATION, DISTRIBUTION, ETC. (IMPRINT) | |
| Place of publication, distribution, etc. | New York : |
| Name of publisher, distributor, etc. | Academic Press, |
| Date of publication, distribution, etc. | c1976. |
| 300 ## - PHYSICAL DESCRIPTION | |
| Pagination | x, 410 p. : |
| Illustrations | ill. ; |
| Size | 24 cm. |
| 500 ## - GENERAL NOTE | |
| General note | Includes index. |
| 504 ## - BIBLIOGRAPHY, ETC. NOTE | |
| Bibliography, etc | Bibliography: p. 365-401. |
| 650 #0 - SUBJECT ADDED ENTRY--TOPICAL TERM | |
| Topical term or geographic name as entry element | Learning, Psychology of. |
| 9 (RLIN) | 174641 |
| Topical term or geographic name as entry element | Learning. |
| 9 (RLIN) | 179759 |
| Topical term or geographic name as entry element | Psychology, Educational. |
| 9 (RLIN) | 180437 |
| 942 ## - ADDED ENTRY ELEMENTS (KOHA) | |
| Source of classification or shelving scheme | Dewey Decimal Classification |
| Koha item type | Books |
| Lost status | Source of classification or shelving scheme | Damaged status | Not for loan | Collection code | Permanent Location | Current Location | Shelving location | Date acquired | Total Checkouts | Full call number | Date last seen | Copy number | Koha item type |
|---|---|---|---|---|---|---|---|---|---|---|---|---|---|
| Dewey Decimal Classification | Not For Loan | Non-fiction | Central Library, University of Rajshahi | Central Library, University of Rajshahi | Reading Room | 18/09/1985 | 153.15 HOF 1976 | 01/01/2017 | C-1 | Books |